World cities by giant dots on map - Statistics

General Stats
  • This quiz has been taken 140 times
    91 since last reset
  • The average score is 9 of 16
Answers on the Map
Answers color-coded by a green-red scale on the quiz's map according to % correct below.
 
Answer Stats
City % Correct
Paris
77%
Buenos Aires
73%
Los Angeles
73%
Sydney
70%
New Delhi
69%
São Paulo
69%
Lima
61%
Toronto
60%
Seoul
58%
Singapore
52%
San Francisco
51%
Baghdad
48%
Manila
46%
Osaka
46%
Barcelona
44%
Karachi
40%
No matching quizzes found
Score Distribution
Percent of People with Each Score
Percentile by Number Answered
Your Score History
You have not taken this quiz since the last reset